|
|
|
|
| LEADER |
00000ncm a2200000 a 4500 |
| 001 |
vtls010180712 |
| 003 |
SK-MaSNL |
| 005 |
20260331205729.0 |
| 007 |
qu |
| 008 |
101019s2009 xo zzgef u slo |
| 015 |
|
|
|a SNBH2014
|
| 024 |
2 |
|
|a 9790685000679 (brož.)
|
| 028 |
3 |
1 |
|a HF 3096
|b Hudobný fond
|
| 040 |
|
|
|a SNK
|b slo
|c SNK
|e AACR2
|
| 041 |
0 |
|
|a slo
|
| 044 |
|
|
|a xo
|c SK
|
| 048 |
|
|
|a sa02
|a sb01
|a sc01
|
| 072 |
|
7 |
|a 787
|x Hudba pre strunové a sláčikové nástroje
|2 konspekt
|
| 080 |
|
|
|a 785.7
|2 2001
|
| 080 |
|
|
|a 787.1/.4:785.74
|2 2001
|
| 080 |
|
|
|a 78.089.6.087
|2 2001
|
| 084 |
|
|
|a 1.2.1
|2 snlmc
|
| 100 |
1 |
|
|a Steinecker, Anton,
|d 1971-
|4 cmp
|9 100412
|
| 245 |
1 |
0 |
|a Streichquartett
|h hudobnina
|b (1992)
|c Anton Steinecker
|
| 246 |
1 |
1 |
|a Sláčikové kvarteto
|
| 250 |
|
|
|a 1. vyd.
|
| 254 |
|
|
|a Partitúra a hlasy, reprodukcia rukopisu autora
|
| 260 |
|
|
|a Bratislava
|b Hudobný fond
|c 2009
|
| 300 |
|
|
|a 1 partitúra (16 s.) + 4 hlasy
|c 30 cm
|
| 366 |
|
|
|e 500 výt.
|
| 490 |
1 |
|
|a Musica slovaca
|
| 500 |
|
|
|a Názov v angl.
|
| 650 |
0 |
7 |
|a komorná hudba
|2 SNKPH
|9 3431
|
| 650 |
0 |
7 |
|a sláčikové kvartetá
|2 SNKPH
|9 3376
|
| 650 |
0 |
7 |
|a Chamber music
|2 SNKPHeng
|9 318202
|
| 650 |
0 |
7 |
|a String quartets
|2 SNKPHeng
|9 326254
|
| 655 |
|
7 |
|a partitúry a hlasy
|2 SNKPH
|9 70304
|
| 655 |
|
7 |
|a Scores and parts
|2 SNKPHeng
|9 303707
|
| 830 |
|
0 |
|a Musica slovaca
|9 317889
|
| 919 |
|
|
|a 979-0-68500-067-9
|
| 924 |
|
|
|a husle (2), viola, violončelo
|
| 999 |
|
|
|c 1091721
|d 1093651
|
| 952 |
|
|
|a SNK
|b SNK
|y PREZ
|7 0
|p 17A0675825
|o snkHSB 4324/príl.1
|i snk2010/22873
|8 0
|3 príl.
|0 0
|1 0
|4 0
|d 2010-10-19
|l 0
|r 2026-02-24 17:00:22
|w 2026-02-24
|
| 952 |
|
|
|a SNK
|b SNK
|y PREZ
|7 0
|p 17A0675824
|o snkHSB 4324/príl.4
|i snk2010/22873
|8 0
|3 príl.
|0 0
|1 0
|4 0
|d 2010-10-19
|l 0
|r 2026-02-24 17:00:22
|w 2026-02-24
|
| 952 |
|
|
|a SNK
|b SNK
|y VYP
|7 0
|p 17A0675870
|o snkHSB 4324 D1
|i snk2010/22880
|8 0
|0 0
|1 0
|4 0
|d 2010-10-19
|l 0
|r 2026-02-24 17:00:22
|w 2026-02-24
|
| 952 |
|
|
|a SNK
|b SNK
|y VYP
|7 0
|p 17A0675829
|o snkHSB 4324/príl.1 D1
|i snk2010/22880
|8 0
|3 príl.
|0 0
|1 0
|4 0
|d 2010-10-19
|l 0
|r 2026-02-24 17:00:22
|w 2026-02-24
|
| 952 |
|
|
|a SNK
|b SNK
|y VYP
|7 0
|p 17A0675830
|o snkHSB 4324/príl.2 D1
|i snk2010/22880
|8 0
|3 príl.
|0 0
|1 0
|4 0
|d 2010-10-19
|l 0
|r 2026-02-24 17:00:22
|w 2026-02-24
|
| 952 |
|
|
|a SNK
|b SNK
|y VYP
|7 0
|p 17A0675831
|o snkHSB 4324/príl.3 D1
|i snk2010/22880
|8 0
|3 príl.
|0 0
|1 0
|4 0
|d 2010-10-19
|l 0
|r 2026-02-24 17:00:22
|w 2026-02-24
|
| 952 |
|
|
|a SNK
|b SNK
|y VYP
|7 0
|p 17A0675828
|o snkHSB 4324/príl.4 D1
|i snk2010/22880
|8 0
|3 príl.
|0 0
|1 0
|4 0
|d 2010-10-19
|l 0
|r 2026-02-24 17:00:23
|w 2026-02-24
|
| 952 |
|
|
|a SNK
|b SNK
|y PREZ
|7 0
|p 17A0675826
|o snkHSB 4324/príl.2
|i snk2010/22873
|8 0
|3 príl.
|0 0
|1 0
|4 0
|d 2010-10-19
|l 0
|r 2026-02-24 17:00:23
|w 2026-02-24
|
| 952 |
|
|
|a SNK
|b SNK
|y PREZ
|7 0
|p 17A0675827
|o snkHSB 4324/príl.3
|i snk2010/22873
|8 0
|3 príl.
|0 0
|1 0
|4 0
|d 2010-10-19
|l 0
|r 2026-02-24 17:00:23
|w 2026-02-24
|
| 952 |
|
|
|a SNK
|b SNK
|y PREZ
|7 0
|p 17A0675823
|o snkHSB 4324
|i snk2010/22873
|8 0
|0 0
|1 0
|4 0
|d 2010-10-19
|l 0
|r 2026-02-24 17:00:23
|w 2026-02-24
|